000 00375nam a2200145Ia 4500
008 191206s9999 xx 000 0 und d
020 _a393975185
090 _aHB171.5.S884
245 0 _aEconomics
250 _a3rd ed.
260 _aNorton
260 _ccc2002
300 _a"xxxi, 829, 26 p. : ill. (some col.) ; 27 cm."
999 _c15853
_d15853